书目信息 |
| 题名: |
第五届全国大学生电子设计竞赛获奖作品选编
|
|
| 作者: | ;全国大学生电子设计竞赛组委会 编 | |
| 分册: | ||
| 出版信息: | 北京 北京理工大学出版社 2003 |
|
| 页数: | 10,213页 | |
| 开本: | 26cm | |
| 丛书名: | ||
| 单 册: | ||
| 中图分类: | TN02 | |
| 科图分类: | ||
| 主题词: | 电子技术--科技成果--高等学校--中国--2001 , 电子技术 , 科技成果 | |
| 电子资源: | ||
| ISBN: | 7-5640-0116-X | |
| 000 | 01039nam0 2200241 450 | |
| 001 | 03000106560 | |
| 005 | 20061208110247.67 | |
| 010 | @a7-5640-0116-X@dCNY17.00 | |
| 100 | @a20040804d2003 em y0chiy0110 ea | |
| 101 | 0 | @achi@deng |
| 102 | @aCN@b110000 | |
| 105 | @aak z 000yy | |
| 200 | 1 | @a第五届全国大学生电子设计竞赛获奖作品选编@Adi wu jie quan guo da xue sheng dian zi she ji jing sai huo jiang zuo pin xuan bian@e2001@f全国大学生电子设计竞赛组委会编@Fquan guo da xue sheng dian zi she ji jing sai zu wei hui bian |
| 210 | @a北京@c北京理工大学出版社@d2003 | |
| 215 | @a10,213页@c图@d26cm | |
| 330 | @a本书收入第五届竞赛获全国一等奖作品共62件,设计内容包括波形发生器、简易数字存储示波器、自动往返电动小汽车、高效率音频功率放大器等6个题目。 | |
| 606 | 0 | @a电子技术@x科技成果@x高等学校@y中国@z2001 |
| 606 | 0 | @a电子技术 |
| 606 | 0 | @a科技成果 |
| 690 | @aTN02@v4 | |
| 711 | 0 | @a全国大学生电子设计竞赛组委会@Aquan guo da xue sheng dian zi she ji jing sai zu wei hui@4编 |
| 801 | 0 | @aCN@bTSSF@c20061208 |
| 905 | @a10447@dTN02@e69 | |
| 第五届全国大学生电子设计竞赛获奖作品选编:2001/全国大学生电子设计竞赛组委会编.-北京:北京理工大学出版社,2003 |
| 10,213页:图;26cm |
| ISBN 7-5640-0116-X:CNY17.00 |
| 本书收入第五届竞赛获全国一等奖作品共62件,设计内容包括波形发生器、简易数字存储示波器、自动往返电动小汽车、高效率音频功率放大器等6个题目。 |
| ● |
| 相关链接 |
|
|
|
|
正题名:第五届全国大学生电子设计竞赛获奖作品选编
索取号:TN02/69
 
预约/预借
| 序号 | 登录号 | 条形码 | 馆藏地/架位号 | 状态 | 备注 |
| 1 | 0361040 | 3610408 | 第二样本阅览室/ [索取号:TN02/69] | 在馆 | |
| 2 | 0374474 | 203744742 | 第三借阅区/ [索取号:TN02/69] | 在馆 | |
| 3 | 0374475 | 203744751 | 第三借阅区/ [索取号:TN02/69] | 在馆 | |
| 4 | 0374476 | 203744760 | 第三借阅区/ [索取号:TN02/69] | 在馆 | |
| 5 | 0374477 | 203744779 | 第三借阅区/ [索取号:TN02/69] | 在馆 | |
| 6 | 0374478 | 203744788 | 第三借阅区/ [索取号:TN02/69] | 在馆 |